000 00876nam a22001937a 4500
999 _c59192
_d59192
003 Ge_BSU
005 20221213110643.0
008 221213s1974ge xxu||||| |||| 00| 0 geo d
041 _ageo
080 _a94(73)"19"+342.511(73) მ-28
100 _aმანჩესტერი, უილიამ, ავტ
_916370
245 _aპრეზიდენტ კენედის მკვლელობა /
_cუილიამ მანჩესტერი ; თარგმნ. ე. კეჭაღმაძისა.
264 _aთბილისი :
_bმერანი,
_c1974.
300 _a621 გვ. ;
_b 21 სმ.
653 _aაშშ-ს პრეზიდენტები.
653 _aკენედის მკვლელობა.
700 _aკეჭაღმაძე, ე
_eმთარგმნელი
_916371
942 _2udc
_cBK